Sports Quiz

Random Sports or NFL Quiz

NFL Most 400-Yard Passing Games Quiz Stats

 Plays Quiz Updated Jan 4, 2021

Support Sporcle.
Go Orange.
Score 0/65 Timer 09:00
0 Plays Today
Games QB % Correct
14Peyton Manning
97.5%
9Eli Manning
96.9%
10Tom Brady
95.7%
16Drew Brees
90.6%
13Dan Marino
88.6%
2Brett Favre
84.1%
7Joe Montana
82.2%
9Aaron Rodgers
77.3%
3Steve Young
77.3%
5Patrick Mahomes
76.1%
2Russell Wilson
74%
11Philip Rivers
73.9%
2John Elway
71.7%
12Ben Roethlisberger
71.2%
5Tony Romo
69.4%
10Matthew Stafford
67.4%
4Kurt Warner
64.8%
6Matt Ryan
62.7%
3Donovan McNabb
62.3%
7Warren Moon
59.5%
2Michael Vick
59.2%
8Carson Palmer
58.6%
4Jameis Winston
57.6%
7Dak Prescott
56.1%
2Cam Newton
54.7%
2Josh Allen
54.5%
3Andrew Luck
52.7%
2Daunte Culpepper
52.6%
2Deshaun Watson
52.1%
6Drew Bledsoe
51.2%
6Dan Fouts
49.5%
3Derek Carr
47.1%
2Charley Johnson
46.3%
Games QB % Correct
5Matt Schaub
46.3%
4Vinny Testaverde
45.6%
4Jared Goff
45.5%
3Randall Cunningham
45.1%
3Matt Hasselbeck
44%
3Phil Simms
43.4%
6Kirk Cousins
42.7%
6Ryan Fitzpatrick
42.1%
3Joe Namath
40.6%
4Boomer Esiason
38.5%
2Trent Green
36%
4Marc Bulger
33.4%
2Jeff Garcia
32.8%
4Nick Foles
32.6%
2Ken Anderson
32.6%
2Jake Plummer
30.7%
2Mark Brunell
30.3%
2Doug Williams
28.8%
3Matt Cassel
24.9%
2Jon Kitna
23%
2Bernie Kosar
22.7%
2Kyle Orton
21.3%
5Dave Krieg
20.2%
2Mark Rypien
20.1%
2Ken O'Brien
15.9%
2Neil Lomax
11.5%
5Sonny Jurgensen
11.4%
2George Blanda
11.2%
4Tommy Kramer
11%
2Richard Todd
5.4%
2Billy Volek
5.3%
2Don Meredith
4.3%

From the Vault

17th Century Click-in-the-Blank

by khands

History 6m
Technically, you're clicking what goes in the blank, not inside of the blank itself.
Remove Ads.
Support Sporcle.
Get the best of Sporcle when you Go Orange. This ad-free experience offers more features, more stats, and more fun while also helping to support Sporcle. Thank you for becoming a member.

Show Comments

Extras

Top Quizzes Today


Score Distribution

Your Account Isn't Verified!

In order to create a playlist on Sporcle, you need to verify the email address you used during registration. Go to your Sporcle Settings to finish the process.

Report this User

Report this user for behavior that violates our Community Guidelines.

Details: